| 000 | 00812nam a22002897a 4500 | ||
|---|---|---|---|
| 001 | 10009 | ||
| 003 | FISKH | ||
| 005 | 20260327084137.0 | ||
| 008 | 260327b cb ||||| |||| 00| 0 eng d | ||
| 020 | _a9781416949664 | ||
| 040 |
_aFISKH _beng _cFISKH _dFISKH |
||
| 050 | _aPZ7 .C7878 .G | ||
| 082 | _a823.914 | ||
| 100 | _aCooper , Susan | ||
| 245 |
_aGreenwitch / _cBy Susan Cooper |
||
| 250 | _aThis Simon Paulse edition May 2007 | ||
| 260 |
_aNew York : _bSimon Paulse , _c1974 . |
||
| 300 |
_a147 pages : _billustrations ; _c21 cm . |
||
| 490 |
_aThe Dark is Rising Sequence _v3 |
||
| 505 | _aS | ||
| 521 | 8 |
_a800
_bLexile |
|
| 521 | 8 |
_aS
_bRaz-Plus |
|
| 650 |
_aFantasy _vFiction |
||
| 650 |
_aCornwall ( England : Country ) _vFiction |
||
| 942 |
_2ddc _cBK _n0 |
||
| 999 |
_c10009 _d10009 |
||